| 000 | 00585cam a2200205 a 4500 | ||
|---|---|---|---|
| 001 | 000018476 | ||
| 005 | 20200929165819.0 | ||
| 008 | 070919s1998 nyu 000 1 eng d | ||
| 020 | _a0440220459 | ||
| 040 |
_aDO-SdBNP _beng _cLC _dBNPHU |
||
| 082 |
_a813.54 _bC655d |
||
| 100 | 1 |
_aCoben, Harlan, _d1962- _939974 |
|
| 245 | 1 | 0 |
_aDrop Shot / _cHarlan Coben. |
| 260 |
_aNew York : _bDell Book, _c1998. |
||
| 300 |
_a341, [17] p. ; _c18 cm. |
||
| 650 | 4 |
_aNovela estadounidense _9262 |
|
| 650 | 4 |
_aLiteratura estadounidense _9263 |
|
| 910 | _aCatalogación derivada / LC | ||
| 049 | _aBNGR | ||
| 999 |
_c17996 _d17996 |
||